Human Resource Management / Rhetorics and Realities: Anniversary Edition (Record no. 6242)
[ view plain ]
| 000 -LEADER | |
|---|---|
| fixed length control field | 01209cam a22002054a 4500 |
| 005 - ΗΜΕΡΟΜΗΝΙΑ ΚΑΙ ΩΡΑ ΤΕΛΕΥΤΑΙΑΣ ΕΝΗΜΕΡΩΣΗΣ | |
| Πεδίο ελέγχου | 20250605164237.0 |
| 008 - FIXED-LENGTH DATA ELEMENTS--GENERAL INFORMATION | |
| Πεδίο ελέγχου σταθερού μήκους | 250528s ||||||||||||||||||||||||d |
| 035 ## - SYSTEM CONTROL NUMBER | |
| System control number | 21174 |
| 020 ## - ISBN | |
| ISBN | 9781403936004 |
| 040 ## - ΠΗΓΗ ΚΑΤΑΛΟΓΟΓΡΑΦΗΣΗΣ | |
| Φορέας πρωτότυπης καταλογογράφησης | MC Athens Campus Library |
| Γλώσσα καταλογογράφησης | Ελληνικά, Μοντέρνα (1453-) |
| Modifying agency | MC Athens Campus Library |
| Κανόνες περιγραφικής καταλογογράφησης | AACR2 |
| 245 1# - ΤΙΤΛΟΣ ΚΑΙ ΔΗΛΩΣΗ ΥΠΕΥΘΥΝΟΤΗΤΑΣ | |
| Τίτλος | Human Resource Management / Rhetorics and Realities: Anniversary Edition |
| 250 ## - EDITION STATEMENT | |
| Edition statement | 1st |
| 260 ## - PUBLICATION, DISTRIBUTION, ETC. | |
| Name of publisher, distributor, etc. | Palgrave Macmillan, |
| Date of publication, distribution, etc. | 2005 |
| 300 ## - PHYSICAL DESCRIPTION | |
| Extent | 430 |
| 520 ## - SUMMARY, ETC. | |
| Summary, etc. | The original Human Resource Management helped shape the HRM debate, with its critical examination of the role of HRM in the labor process and in its broader socio-cultural context. Acknowledgements, Introduction, What is Personnel Management, Styles of Managing the Employment Relationship, What is Human Resource Management, HRM and ''Strategic'' Integration with Business Policy?, HRM: Towards the Flexible Firm?, HRM: From Compliance to Commitment?, HRM and Quality: Customer Sovereignty in the Enterprise Culture?, HRM and ''New Realism'' in Industrial Relations?, HRM: Modernist Project or Postmodern Discourse?, Epilogue: The Future of HRM?, Bibliography, Author and Subject Index. |
| 700 1# - ΠΡΟΣΘΕΤΗ ΑΝΑΓΡΑΦΗ--ΦΥΣΙΚΟ ΠΡΟΣΩΠΟ | |
| Personal name | Legge Karen |
| 9 (RLIN) | 1058 |
| 942 ## - ADDED ENTRY ELEMENTS (KOHA) | |
| Koha item type | Books |
| Τύπος τεκμηρίου | Βιβλιοθήκη | Τρέχουσα τοποθεσία | Barcode | Αριθμός εισαγωγής | Ημερομηνία απόκτησης | Ταξιθετικό σύμβολο | Αριθμός αντιτύπου | Κατάσταση απόσυρσης | Κατάσταση χαμένου | Κατάσταση κατεστραμμένου | Μη δανεισμός | Σύνολο δανεισμών | Ημερομηνία τελευταίας εμφάνισης | Η τιμή ισχύει από |
|---|---|---|---|---|---|---|---|---|---|---|---|---|---|---|
| Books | MC Athens Campus Library | MC Athens Campus Library | 9780000062413 | 3079 | 05/06/2025 | 658.3 LEG | 1 | 05/06/2025 | 05/06/2025 |